000 00562nam a2200193 i 4500
001 96733
003 ES-MaACL
007 t|
008 050630s1987 fr ||||1| fre d
020 _a2-7021-1557-8
100 1 _aManent, Pierre.
_975978
245 1 0 _aHistoire intellectuelle du libèralisme
_b: dix leçons /
_cPierre Manent.
260 _aParis :
_bCalmann-Lévy,
_c1987.
300 _a250 p. ;
_c21 cm.
490 1 _aLiberté de l'esprit
830 0 _aLiberté de l'esprit
_9232266
852 _aES-MaACL
_jB-1928
_bR.114483
999 _c96733
_d96733